[Event "DEN-ch"]
[Site "Aalborg"]
[Date "2000.04.24"]
[Round "9"]
[White "Mortensen, Erling"]
[Black "Hansen, Curt"]
[Result "0-1"]
[WhiteElo "2447"]
[BlackElo "2618"]
[Annotator "Psakhis,L"]
[PlyCount "74"]
[EventDate "2000.04.15"]
[EventType "tourn"]
[EventRounds "9"]
[EventCountry "DEN"]
[EventCategory "11"]
[SourceTitle "CBM 077"]
[Source "ChessBase"]
[SourceDate "2000.07.27"]
[SourceVersion "1"]
[SourceVersionDate "2000.07.27"]
[SourceQuality "1"]

1. e4 e6 2. d4 d5 3. e5 c5 4. c3 Nc6 5. Nf3 Bd7 6. Be2 Nge7 7. O-O cxd4 8. cxd4
Nf5 {Solid and strong system for Black} 9. b3 {I am not sure that b2 is a best
place for bishop ibn this line.Deserves attention} (9. Nc3 $142 Rc8 10. a3 Be7
11. g4 {with complications, for example} (11. Bf4 $5 g5 $1 12. Be3 g4 13. Ne1
h5 14. Nc2 f6 15. exf6 Bxf6 16. Bd3 Nce7 17. Qd2 O-O 18. Bg5 Ng6 19. Bxf6 Qxf6
20. Rae1 Nfh4 21. Bxg6 Qxg6 22. Kh1 Rf5 23. Ne3 Rf7 24. Nc2 Rcf8 $36 {0-1
Kamsky,G-Kasparov,G/New York exh 1989 (107)}) 11... Nh4 12. Nxh4 Bxh4 13. f4 f6
14. g5 Ne7 15. Bd3 f5 16. Be3 Ng6 17. Kh1 h6 18. Rg1 hxg5 19. fxg5 Nxe5 20. Nb5
Nc4 21. Bxc4 dxc4 22. Nd6+ Kf8 23. d5 $16 {1-0 Garcia Fernandez,C-Del Rey,D/
Ibi 1996 (37)}) 9... Be7 (9... Rc8 10. Bb2 Qb6 11. Kh1 h5 12. Nc3 Be7 13. Na4
Qd8 14. a3 g5 $1 15. Ne1 g4 16. b4 Ncxd4 17. Bxd4 Nxd4 18. Qxd4 Bxa4 19. Qxa7
Qd7 20. Nd3 Bb5 21. Rac1 Bc4 22. Qd4 b5 $132 {1-0 Lie,K-Gausel,E/NOR t-ch 9900
2000/ (45)}) 10. Bb2 Qb6 {[%csl Rd4]} 11. g4 {Just weaken king's side} (11. Qd2
$5 {[%cal Gf1d1,Gb1c3] with idea 12.Rd1 was stronger}) 11... Nh4 12. Nxh4 Bxh4
13. Na3 f6 (13... O-O 14. f4 f6 15. Kg2 fxe5 16. dxe5 Rf7 17. Qd2 Raf8 18. Nc2
g5 19. fxg5 Rf2+ 20. Kh3 R8f3+ 21. Bxf3 Rxd2 22. Kxh4 Rxc2 {0-1 Kupreichik,
V-Hertneck,G/Debrecen 1992/Inf 56 (22)}) 14. exf6 $146 (14. Nc2 fxe5 15. dxe5
O-O 16. Bd4 Nxd4 17. Qxd4 Qxd4 18. Nxd4 Rf4 19. Rad1 Raf8 20. f3 Be7 $36 {
1/2-1/2 Sanchez Torrano-Cano,J/Once op 1993 (42)}) 14... Bxf6 {[%csl Rd4]} 15.
Nc2 O-O $36 {Black compleat development and got good and promising position}
16. f4 Be7 {[%csl Rf4][%cal Ge7d6]} 17. Ne3 Rf7 18. Kh1 Raf8 19. f5 (19. Qd2
Bb4 $1 {[%csl Rd4,Rf4]}) 19... Bg5 {[%csl Gg5]} 20. fxe6 Bxe6 {[%csl Re3][%cal
Gf7f2]} 21. Nf5 (21. Rxf7 Rxf7 22. Nc2 Rf2 {[%csl Rh1][%cal Rb6c7]}) 21... g6
22. h4 (22. Ng3 Be3 $5 {lost pawn d4}) 22... gxf5 ({Maybe} 22... Bxf5 $1 {
was even stronger, for example} 23. gxf5 (23. hxg5 Be4+ 24. Kg1 Qc7 $19) 23...
Bxh4 24. fxg6 hxg6 $19) 23. hxg5 Qd8 {Unfortunately for White, the residence
of her monarch isn't safe, which Hansen proves energetically} 24. Qd2 f4 (24...
fxg4 25. Rxf7 Rxf7 26. Rg1 h5 $1 $19) 25. Bf3 (25. Ba3 $142 $1 Qxg5 $140 26.
Bxf8 Qh4+ 27. Kg1 Qg3+ 28. Kh1 Kxf8 29. Bf3 {[%cal Gd2h2]} Bxg4 $17) 25... Qxg5
26. Rae1 Rf6 $19 {Game is over, Black keeps and material and positional
advantage} 27. Rf2 Rh6+ 28. Kg1 Rff6 (28... Bxg4 $1 {wins immediately} 29. Rg2
(29. Bxg4 Rh4) 29... Rh1+ $1 30. Kxh1 Bxf3 31. Rf1 Kh8 $1 32. Rxf3 Qh5+ 33. Kg1
Qxf3 $19 {[%csl Rb2]}) 29. Rg2 Rh3 30. Qf2 Rfh6 31. Kf1 Bf7 {[%cal Rf7g6]} (
31... Nb4 $1 {[%cal Gb4d3,Gb4c2] was much stronger}) 32. Ke2 Re6+ 33. Kd2 Rxe1
34. Kxe1 Bg6 $6 {second mistake} (34... Qg6 $1 {[%cal Rg6b1] wins in few moves}
) 35. Rh2 Nb4 $2 {Third fault, which could change current of the game} (35...
Rxh2 36. Qxh2 Be4 37. Qe2) 36. Be2 $4 {[%mdl 8192] It looks that Mortensen
lost hope already, after} (36. Bxd5+ $1 Qxd5 37. Rxh3 $132 {game is unclear})
36... Re3 37. Kd1 f3 0-1

[Event "MK Cafe Cup-A"]
[Site "Koszalin"]
[Date "1999.08.12"]
[Round "9"]
[White "Kogan, Artur"]
[Black "Rajlich, Iweta"]
[Result "1-0"]
[WhiteElo "2518"]
[BlackElo "2395"]
[Annotator "Psakhis,L"]
[PlyCount "47"]
[EventDate "1999.08.03"]
[EventType "swiss"]
[EventRounds "9"]
[EventCountry "POL"]
[SourceTitle "CBM 073"]
[Source "ChessBase"]
[SourceDate "1999.12.01"]
[SourceVersion "1"]
[SourceVersionDate "1999.12.01"]
[SourceQuality "1"]

1. e4 e6 2. Nf3 d5 3. e5 c5 4. d4 Nc6 5. Bd3 {This rare in our days move was
very popular in the beggining of the centure.} cxd4 6. O-O f6 $6 {Dangerous
continuation, more solid} (6... Bc5 $5 {or}) (6... Nge7 $5) 7. Re1 ({White
keeps some initiative and after} 7. Qe2 fxe5 8. Nxe5 Nf6 9. Bf4 {for example.}
Bd6 10. Nd2 O-O 11. Ndf3 Qe8 12. Bg3 Bd7 13. Nxc6 Bxg3 14. Ncxd4 Bd6 15. Rae1
Qh5 16. h3 Rae8 17. Ne5 $14 {1-0 Hodgson,J-Speelman,J/BCF-ch 1984/EXT 99 (42)})
({Also was tried} 7. Bb5 {but after} Bd7 8. Nxd4 Nxd4 9. Bxd7+ Qxd7 10. Qxd4
fxe5 11. Qxe5 Nf6 12. Bf4 Bc5 13. Nd2 O-O 14. Qe2 e5 15. Bg3 Rae8 $11 {1-0 Gal,
J-Hochstrasser,M/Wch students Rotterdam 1998 (29) Black is Ok}) 7... fxe5 8.
Nxe5 Nxe5 9. Rxe5 Ne7 $6 $146 ({Deserves attention} 9... Nf6 $5 {and after} 10.
Bb5+ Kf7 11. Qxd4 Bd6 12. Re1 Qc7 $5 {black,s position is not so bad} (12...
Ne4 $6 13. Rxe4 $1 dxe4 14. Qxe4 Qf6 15. Nc3 Qe5 16. Qf3+ Ke7 17. Ne4 $16 {
Neelakantan,N-Koneru,H/Calcutta op 1999/1-0 (47)})) 10. Bg5 Qc7 (10... Qd6 $142
{could be an improvment.}) 11. Qe2 {[%csl Re8] Now it is difficult for Black
to fulfil development.} Nc6 12. Rxd5 g6 13. Na3 $5 {[%cal Ga3b5] Interesting
move, White is better and after} (13. Bf6 Bg7 (13... Qf4 14. Bxh8 Qc1+ 15. Qf1
Qxf1+ (15... Qxb2 16. Nc3 $5 Qxc3 17. Rb5 $16)) 14. Bxg7 Qxg7 15. Nd2 O-O $14 {
but Arthur Kogan wants more.}) 13... Bxa3 14. bxa3 O-O 15. Rb5 $36 {[%csl Gd3,
Gg5,Rg8][%cal Gh2h5]} a6 16. Rb3 Bd7 (16... e5 $5 $14 {with idea 17... Bf5 was
better try.}) 17. Be4 {[%cal Gb3g3]} Rae8 18. h4 b5 (18... e5 $5 {[%cal Gd7f5]}
) 19. Bh6 Rf6 20. h5 {Now white,s attack almost unstopable.} Qe5 21. Re1 Ne7
22. hxg6 hxg6 23. Qd2 Nf5 $2 {[%mdl 8192] Blunder in bad position.} (23... Qc5
$1 $16) 24. Bxf5 (24. Bxf5 Qxf5 25. Rf3 $18) 1-0

[Event "Olympiad-36"]
[Site "Mallorca"]
[Date "2004.10.16"]
[Round "2"]
[White "Sveshnikov, Evgeny"]
[Black "Bischoff, Klaus"]
[Result "1-0"]
[WhiteElo "2512"]
[BlackElo "2559"]
[Annotator "Psakhis,L"]
[PlyCount "83"]
[EventDate "2004.10.15"]
[EventType "team-swiss"]
[EventRounds "14"]
[EventCountry "ESP"]
[SourceTitle "CBM 104"]
[Source "ChessBase"]
[SourceDate "2005.01.27"]
[SourceVersion "1"]
[SourceVersionDate "2005.01.27"]
[SourceQuality "1"]
[WhiteTeam "Latvia"]
[BlackTeam "Germany"]
[WhiteTeamCountry "LAT"]
[BlackTeamCountry "GER"]

1. e4 e6 2. d4 d5 3. e5 c5 4. c3 Nc6 5. Nf3 Bd7 6. Be3 $5 cxd4 (6... Nge7 $5 7.
dxc5 Ng6 8. Bd4 Qc7 9. Qe2 Nxd4 10. cxd4 b6 $5) 7. cxd4 Nge7 8. Bd3 h6 $146 (
8... Nb4 9. O-O (9. Be2 $5) 9... Nxd3 10. Qxd3 Ng6 11. Nc3 Be7 12. h3 O-O 13.
a3 a6 14. b4 f6 15. Rfe1 fxe5 16. dxe5 Rxf3 17. gxf3 Nh4 18. Bf4 Bc6 19. Bg3
Qe8 20. Ne2 Bb5 21. Qe3 Nf5 22. Qf4 g5 23. Qd2 {Miletic,M-Le Blanc,G/Breton
1998/ChessBase/0-1 (45)}) 9. Nc3 $14 Nc8 {[%csl Gc4][%cal Gc8b6]} (9... Nb4 10.
Bb1 $5) 10. O-O a6 (10... Nb6 $5) 11. Nd2 $5 {[%cal Gf2f4]} Nb6 12. Rc1 Rc8 13.
f4 g6 {[%cal Gh6h5]} 14. g4 $1 {[%cal Gf4f5] Black's position is not very
pleasant, as he is behind in development and his King is not safe.} Ne7 $5 15.
Qe2 h5 16. h3 $1 (16. f5 exf5) 16... hxg4 (16... Na4 $5) 17. hxg4 {Sveshnikov
has accomplished his strategical plan and stands better} Nc6 18. Nf3 Nb4 19.
Bb1 Nc4 {Black wants to create some threats in the centre and on the queenside,
trying to prevent White's activity on the opposite flank.} 20. Kg2 {White
keeps full control over the kingside but it is still not so easy to create
real threats.} Be7 (20... Bh6 21. Rh1 Nxe3+ 22. Qxe3 Qe7 23. Rh3 $16 {[%cal
Gc1h1]} (23. f5 $5 Bxe3 24. Rxh8+ Qf8 25. Rxf8+ Kxf8 26. Re1 $16)) 21. Rh1 Rg8
(21... Rxh1 22. Rxh1 Qb6 23. Rh8+ Bf8 24. Bc1 $16) 22. Bf2 (22. Rh7 $5) 22...
Nc6 23. Rh7 {[%csl Re8]} Qb6 (23... b5 $5) 24. Na4 (24. b3 Na3 25. Na4 Qd8)
24... Qb5 (24... Qb4 25. Nc5 $5 (25. b3 Nb6 26. Nc5 $1 Nxd4 27. Bxd4 Bxc5 28.
Bxc5 Rxc5 29. Rxc5 Qxc5 30. Qf2 $44)) 25. Nc5 $5 {This is a typical manoeuvre
in such positions: White wants to eliminate the only defender of week dark
squares in Black's camp.} (25. b3 $5 N4xe5 $140 26. Qxb5 axb5 27. Nxe5 bxa4 (
27... Nxe5 $2 28. Rxc8+ Bxc8 29. Nb6 $18) 28. Nxf7 $16) 25... Bxc5 (25... Qxb2
26. Qxb2 Nxb2 27. Nxb7 $5 $36) (25... Nxb2 26. Qxb5 axb5 27. Nxd7 Kxd7 28. Rxf7
{[%csl Rg6]}) 26. dxc5 Qxb2 (26... Nxb2 27. Qxb5 axb5 28. Ng5 Nd8 29. Rch1 $16)
27. Qxb2 Nxb2 28. Rch1 {[%cal Rh7h8] White's position is formidable despite
the fact he is a pawn down.} Ne7 (28... Na4 29. Ng5 Nd8 30. Rh8 Rf8 $8 31. R8h6
$5 {[%cal Gg5h7]}) 29. Ng5 Rf8 30. Rg7 $1 {[%csl Rf7][%cal Rh1h7] Black's
position is hopelessly passive now.} Bc6 31. Bd4 {[%csl Gd4]} Nc4 32. Rhh7 Kd7
33. Bxg6 (33. Nxf7 Rg8 $8 34. Bxg6 $1 $18) 33... Nxg6 34. Rxg6 {[%cal Og5e6,
Rh7d7]} Rcd8 35. Rgg7 (35. Nxf7 $18) 35... Kc8 36. Rxf7 (36. Nxf7 $5 {[%cal
Of7d8,Gg7c7]}) 36... Rxf7 37. Rxf7 {[%cal Gg5e6,Gf4f5]} Na3 38. Nf3 (38. Nxe6
$5 Rg8 39. Kg3 $18 (39. Rc7+ Kb8 40. Re7 Rxg4+ 41. Kf3 Rg8 42. f5 $18)) 38...
Nc2 39. Kg3 Bb5 {[%cal Gb5e2]} 40. Bf2 (40. f5 Be2 41. Bf2 d4) 40... Be2 41.
Rg7 Bd3 (41... d4 $5) 42. Nd4 1-0

[Event "MK Cafe Cup-A"]
[Site "Koszalin"]
[Date "1999.08.05"]
[Round "3"]
[White "Haba, Petr"]
[Black "Ulybin, Mikhail"]
[Result "1/2-1/2"]
[WhiteElo "2544"]
[BlackElo "2562"]
[Annotator "Psakhis,L"]
[PlyCount "51"]
[EventDate "1999.08.03"]
[EventType "swiss"]
[EventRounds "9"]
[EventCountry "POL"]
[SourceTitle "CBM 073"]
[Source "ChessBase"]
[SourceDate "1999.12.01"]
[SourceVersion "1"]
[SourceVersionDate "1999.12.01"]
[SourceQuality "1"]

1. e4 e6 2. d4 d5 3. e5 c5 4. c3 Nc6 5. Nf3 Bd7 6. a3 f6 {This move got big
popularity in modern time. Another interesting move is solid} (6... c4 $5 {
which I prefer to make myself.}) 7. Bd3 Qc7 ({Deserves attention also} 7...
fxe5 8. Nxe5 Nxe5 9. dxe5 g6 {and it is not easy for White to get an advantage,
for example} 10. O-O Qc7 11. f4 c4 12. Bc2 Bc5+ 13. Kh1 Ne7 14. Nd2 O-O-O 15.
b4 cxb3 16. Nxb3 Bb5 $13 {0-1 Afek,Y-Hebert,J/Paris op 1995 (24)}) 8. O-O c4 9.
Bc2 O-O-O 10. Re1 fxe5 (10... Nh6 11. Bxh6 gxh6 12. exf6 Qf4 13. Nbd2 Bd6 14.
Qe2 Rdf8 15. Rad1 Qxf6 16. Ne5 Rhg8 17. g3 h5 $36 {1/2-1/2 Grosar,A-Furlan,M/
SLO-ch 1993 (37)}) (10... h6 11. b3 cxb3 12. Bxb3 g5 13. exf6 Nxf6 14. Bb2 Bd6
15. c4 dxc4 16. Bxc4 Nd5 17. Nbd2 Rhf8 18. Ne4 g4 $132 {0-1 Arnhold,K-Kiseleva,
N/EuropapokalW 1998 (31)}) 11. Nxe5 $5 $146 ({Black has nothing to worry about
after} 11. dxe5 Bc5 12. Nbd2 Nh6 13. b4 Bb6 14. h3 Nf7 15. Qe2 Rdf8 16. Kh1 g5
17. a4 a5 $1 18. b5 Ne7 $15 {0-1 Alekseev,E-Ivanov,S/St.Petersburg-ch 1999 (48)
but it is not clear if move in the game is an improvment.}) 11... Nxe5 12. dxe5
Bc5 13. Be3 Bxe3 14. Rxe3 Ne7 15. Nd2 Nc6 $11 16. Nf3 Rdf8 17. Qe2 (17. Ba4 Rf4
(17... Na5 18. Nd4) 18. Bxc6 bxc6 $5 {[%cal Gc6c5]}) 17... h6 {[%cal Gg7g5]}
18. Nh4 $5 (18. b3 cxb3 19. Bxb3 Na5 {[%csl Rc3]}) 18... Be8 ({Maybe White is
slightly better after} 18... Ne7 19. Ng6 Nxg6 20. Bxg6 $14 {[%cal Ga1d1,Ge2g4]}
) 19. Qg4 Qe7 {[%cal Ge7g5]} (19... Qf7 $5) 20. Ng6 ({Or} 20. Bg6 Qg5 $1 21.
Qxg5 (21. Qxe6+ $4 Bd7 $19) (21. Qg3 Rf4 $1) 21... hxg5 22. Bxe8 Rxe8 23. Nf3
g4 $13 {with complicated ending.}) 20... Bxg6 21. Bxg6 h5 $1 $11 22. Qg3 (22.
Bxh5 $2 Rf5 {[%csl Re5,Rh5]}) 22... h4 23. Qg4 Rh6 24. Rae1 Kb8 25. h3 a6 26.
R1e2 1/2-1/2

[Event "EU-Cup 18th"]
[Site "Kallithea"]
[Date "2002.09.25"]
[Round "4.2"]
[White "Shirov, Alexei"]
[Black "Volkov, Sergey"]
[Result "1/2-1/2"]
[WhiteElo "2697"]
[BlackElo "2636"]
[Annotator "Psakhis,L"]
[PlyCount "82"]
[EventDate "2002.09.22"]
[EventType "team-swiss"]
[EventRounds "7"]
[EventCountry "GRE"]
[SourceTitle "CBM 092"]
[Source "ChessBase"]
[SourceDate "2003.02.06"]
[SourceVersion "1"]
[SourceVersionDate "2003.02.06"]
[SourceQuality "1"]
[WhiteTeam "Sarajevo Bosna"]
[BlackTeam "St Petersburg"]
[WhiteTeamCountry "BIH"]
[BlackTeamCountry "RUS"]

1. e4 e6 2. d4 d5 3. e5 {In this issue I commented just three games in the
advanced variation - but all three between great experts, so it is not a big
astonishment that all of them after complicated fight finished draw. But it's
funny that in all this games black had more chances for victory!} c5 4. c3 Qb6
5. Nf3 Bd7 6. a3 a5 7. Be2 a4 {A very fashionable line, in which Black had
quite easy life for a long time, but recently white came with few new
interesting ideas.} 8. O-O Nc6 9. Bd3 $1 Na5 ({It is quite dangerous to take
the pawn now -} 9... cxd4 10. cxd4 Nxd4 11. Nxd4 Qxd4 12. Nc3 Qb6 13. Qg4 Ne7
14. Be3 Qa5 15. Qg3 $44 {0-1 Grischuk,A-Gurevich,M/World Cup-qf Cannes playoff
2001/ (53) and White has chances on both flanks.}) 10. Bc2 Nc4 11. Ng5 $5 ({
Another interesting move here -} 11. Ra2 {with possible continuation} Ne7 12.
Re1 Bb5 (12... Nc6 13. Bxa4 N6xe5 14. Bxd7+ Nxd7 15. b3 Na5 16. b4 cxb4 17.
axb4 Ra7 18. Rxa5 Rxa5 19. bxa5 Qxb1 20. Qa4 Bd6 21. Bf4 $18 {1-0 Jonkman,
H-Peng Zhaoqin/Wijk aan Zee-B 2002/CBM 87 (26)}) 13. Nbd2 Nxd2 14. Bxd2 Nc6 15.
Be3 Bc4 16. Ra1 Qxb2 17. Rb1 Qxc3 18. Rxb7 Ba6 19. Rc7 Rc8 20. Rxc6 Rxc6 21.
Bxa4 $36 {Grischuk,A-Gurevich,M/World Cup-qf Cannes playoff 2001/ (63)}) 11...
Be7 $5 $146 ({Sergei Volkov had already experience in this line , and game
continues} 11... cxd4 12. cxd4 Nxb2 13. Qf3 Nh6 14. Nc3 Nc4 15. Rd1 Qc6 16.
Nxh7 Be7 17. Bxh6 gxh6 18. Nf6+ $36 {0-1 Sveshnikov,E-Volkov,S/Dubai op 2002 
(53) with strong initiative for white, and now he comes with interesting
novelty}) 12. Nxh7 g6 13. Ng5 Nh6 ({It is interesting why Black didn't play now
} 13... Bxg5 14. Bxg5 Qxb2 {and I didn't found something great for white, for
example} 15. Nd2 (15. Bd3 Qxa1 16. Bxc4 dxc4 17. dxc5 Bc6 $19) 15... Nxa3 16.
Bd3 Qxc3 17. Nf3 c4) 14. Ra2 {[%csl Ra2]} (14. dxc5 Bxc5 {[%csl Rb2,Gc4,Gc5,
Rf2]}) 14... Nf5 15. Nf3 (15. Bxf5 $5 gxf5 16. Nf3) 15... cxd4 16. cxd4 Nh4 $1
{It is very understandable, that Black wants to eliminate the white knight on
f3.} 17. Ne1 ({In the case of} 17. Nxh4 Rxh4 18. f4 (18. g4 O-O-O) 18... f5 $5
19. Nc3 (19. exf6 Bxf6 20. Bxg6+ Ke7 $44) 19... Qa5 $44 {[%cal Gb7b5] Black
has good compensation for the pawn}) 17... Nf5 18. Nf3 Nh4 19. Ne1 Nf5 20. Bxf5
gxf5 21. Nf3 {[%cal Gc1g5] This is a kind of position which is still hard to
access precisely. White is a pawn up, but his pieces are very passive, and, I
think, Black can get good counterplay on lines b and g.} Rg8 $5 22. Nbd2 Bc6
23. Re1 ({Too dangerous were to take the knight -} 23. Nxc4 $2 dxc4 {[%csl Gc6,
Rd4]}) 23... Kd7 24. Nf1 Ra5 $5 {[%csl Rb2][%cal Ga5b5] Good idea, Volkov
transposes his rook to b3.} (24... Rg7 {[%cal Ga8g8]}) 25. Ng3 Rb5 26. Nh5 Kc7
(26... Rb3 27. Nf6+ Bxf6 28. exf6 Kc8 $132) 27. Nf6 Rf8 28. Re2 Rb3 29. h4 $5 (
29. Bg5 Nxb2) 29... Rh8 30. h5 (30. Bg5 $5) 30... Rxf3 $1 31. gxf3 Bxf6 32.
exf6 Rxh5 {White's position looks terrible, his pawn structure is seriously
compromised but Shirov now plays his last trumb!} 33. Rxe6 $1 (33. Bf4+ Kc8 $17
{[%cal Rb6d8,Rd8h8]}) 33... fxe6 34. f7 Rh8 (34... Qb3 35. Qxb3 axb3 36. Ra1 (
36. f8=Q bxa2 $19) 36... Rh8 37. Bh6 Nxb2 38. Rb1) 35. Bh6 Kd7 $6 ({I have the
feeling that after} 35... e5 $142 $5 36. f8=Q (36. Qc2 $2 Bb5 $1 37. f8=Q Qg6+
$19) 36... Rxf8 37. Bxf8 Bb5 $36 {[%cal Rb6g6] it will be difficult for White
to keep the balance.}) 36. f8=Q Rxf8 37. Bxf8 Qd8 38. Bb4 Qg5+ $11 39. Kh2 Qh5+
40. Kg2 Qg6+ 41. Kh2 Qh6+ 1/2-1/2

[Event "FIDE-Wch k.o."]
[Site "Las Vegas"]
[Date "1999.08.01"]
[Round "1.2"]
[White "Kozak, Alexander"]
[Black "Antonio, Rogelio Jr"]
[Result "0-1"]
[WhiteElo "2350"]
[BlackElo "2558"]
[Annotator "Psakhis,L"]
[PlyCount "70"]
[EventDate "1999.07.31"]
[EventType "k.o."]
[EventRounds "7"]
[EventCountry "USA"]
[SourceTitle "CBM 072"]
[Source "ChessBase"]
[SourceDate "1999.10.01"]
[SourceVersion "1"]
[SourceVersionDate "1999.10.01"]
[SourceQuality "1"]

1. e4 e6 2. d4 d5 3. e5 c5 4. c3 Nc6 5. Nf3 Qb6 6. a3 Nh6 7. b4 cxd4 8. cxd4
Nf5 9. Bb2 (9. Be3 $5 Bd7 10. Bd3 Nxe3 11. fxe3 Be7 12. O-O Rc8 13. Qe1 f6 14.
Nc3 O-O 15. exf6 Bxf6 16. Na4 Qd8 $11 {1/2-1/2 Aldrovandi,C-Komarov,D/Reggio
Emilia 1999/CBM 69 (23)}) 9... Bd7 10. h4 (10. Ra2 Be7 11. h4 h5 12. Be2 Rc8
13. g3 Bxb4+ $1 14. Kf1 Be7 15. Kg2 g6 16. Qd3 a6 $17 {Grosar,A-Kovacevic,V/
Mitropa Cup Portoroz 1998/1/2-1/2 (60)}) (10. Bd3 Nfxd4 11. Nxd4 Nxd4 12. Nc3
Nc6 13. Na4 Qd8 14. O-O Be7 15. Rc1 O-O 16. Nc5 Bc8 17. f4 $44 {García,
O-Elissalt,H/Havana Provincial 1999/0-1 (43)}) ({Sveshnikov, biggiest expert
in the advance variation, twice played in this position against Lputian} 10. g4
Nh6 11. h3 f6 12. Bd3 $5 (12. Nc3 fxe5 13. dxe5 Be7 14. Na4 Qd8 15. Rc1 O-O 16.
Nc5 Bxc5 17. Rxc5 Nf7 18. Bg2 b6 19. Rc1 Ne7 $15 {0-1 Sveshnikov,E-Lputian,S/
Sochi m 1993 (32)}) 12... Nf7 (12... fxe5 13. Nxe5 Nxe5 14. dxe5 Nf7 15. O-O g5
16. Nc3 Bg7 17. Re1 O-O 18. Qd2 Nh8 19. Nd1 Rf3 20. Bd4 Qd8 {1/2-1/2 Hollrigl,
W-Van der Weide,K/Lichtenstein op 1999 (20)}) 13. Nbd2 fxe5 14. dxe5 Be7 15.
Rc1 Ng5 16. h4 Nxf3+ 17. Qxf3 Nd4 18. Qe3 Nb5 19. Nf3 Qxe3+ 20. fxe3 $14 {
1-0 Sveshnikov,E-Lputian,S/Tilburg 1992 (39)}) 10... Rc8 (10... h5 $5) 11. g4
Nh6 12. Rg1 Na5 $1 $146 {[%csl Rc4][%cal Ga5c4] Improvment compare to} (12...
Be7 13. Nc3 Qd8 14. Bd3 f6 15. g5 Nf7 16. gxf6 gxf6 17. Qe2 $36 {1-0 Kozak,
A-Wagener,C/Elista ol 1998 (30)}) 13. Nfd2 ({Maybe stronger} 13. Nbd2 Be7 $13 {
with mutial chances}) 13... Be7 14. Bc3 Nc4 $1 ({After} 14... Nc6 15. Nf3 O-O
16. Bd3 $36 {white can pretend for an advantage.}) 15. Nxc4 dxc4 16. Nd2 O-O
17. g5 {White have pawn weaknesses around the board, but still hope for
successful attack.} ({Unfortunately ( for white)} 17. Nxc4 $2 Rxc4 $1 18. Bxc4
Qc7 $17 {leeds to black favour.}) 17... Nf5 18. Ne4 {[%cal Re4f6]} Kh8 19. Bh3
Rcd8 ({It was too lightly to take pawn, after} 19... Nxh4 $6 20. Qh5 Ng6 21.
Rh1 Nf4 $8 {White ,at least , have draw-} 22. Qxh7+ $5 Kxh7 23. Bf5+ Kg8 24.
Bh7+ $11) 20. Ra2 a5 $5 {Open second front on the queen side.} (20... Bc8 21.
Rd2) 21. Kf1 (21. bxa5 Qb3 22. Qxb3 cxb3 23. Rb2 Ba4 $36) 21... axb4 22. axb4
Bc8 23. Rd2 Qb5 {[%csl Rf1][%cal Gb7b6,Gc8b7]} 24. Qe2 b6 $17 {Black,s
advantage is obvious, white just can,t protect all weaknesses.} 25. Rg4 Bb7 26.
f3 Ra8 27. Kf2 Ra3 28. Bb2 $6 (28. Rc2 $8 $17) 28... Re3 29. Qf1 Qxb4 $19 {
[%csl Rb2,Gb4,Gb7,Rd2,Ge3,Rf1,Rf2,Gf5,Rg4,Rh3]} 30. Bc1 Rb3 {[%cal Gf5e3]} 31.
Rf4 Ne3 32. Qe2 Nd5 33. Rg4 Nc3 $1 34. Qf1 Nxe4+ 35. fxe4 Qc3 0-1